00268nam a2200109Ia 4500008004100000041001200041100001500053245006600068260000600134650000600140700001200146221030s9999 xx 000 0 und d aEnglish aJ. Millman 0aPulse, Digital & Switching Waveformscby J. Millman, H. Taub c0 aB aH. Taub